Dopasuj kontynent do flagi! #1 - Statystyki

Ogólne statystyki
  • Ten quiz został rozwiązany 448 razy
  • Średni wynik to 15 z 16
Statystyki odpowiedzi
Obrazkowy Odpowiedź % Poprawnych
Azja
99%
Azja
99%
Ameryka Południowa
96%
Afryka
95%
Afryka
95%
Europa
95%
Ameryka Północna
94%
Europa
94%
Australia i Oceania
93%
Azja
93%
Europa
93%
Afryka
92%
Azja
92%
Australia i Oceania
90%
Ameryka Południowa
88%
Ameryka Północna
87%
Nie znaleziono quizów pasujących do podanych kryteriów
Rozkład punktacji
Procent ludzi z każdym wynikiem
Percentyl według liczby udzielonych odpowiedzi
Twoja historia wyników
Nie rozwiązałeś tego quizu